| 000 | 00802nam a2200253Ia 4500 | ||
|---|---|---|---|
| 999 |
_c59406 _d59406 |
||
| 003 | GCL | ||
| 005 | 20240530110224.0 | ||
| 008 | 140319s9999 xx 000 0 ara d | ||
| 040 |
_aGCL / _cGCL |
||
| 082 | 0 | 4 |
_a150 _bم ع |
| 100 | 1 | _aمجدى احمد محمد عبدالله | |
| 245 | 1 | 0 |
_aعلم النفس العام : _bدراسة فى السلوك الانسانى وجوانبه / _cمجدى احمد محمد عبدالله |
| 250 | _aط.1 | ||
| 300 |
_a316 ص ؛ _c24سم |
||
| 650 | 0 | 4 | _aعلم النفس |
| 650 | 0 | 4 | _aالفروق الفردية |
| 650 | 0 | 4 | _aالسلوك |
| 650 | 0 | 4 | _aالذكاء |
| 650 | 0 | 4 | _aالاضطراب الشخصى |
| 650 | 0 | 4 | _aعلم النفس - دراسة |
| 650 | 0 | 4 | _aالمنهج العلمى |
| 700 | _4وودورث | ||
| 942 |
_2ddc _cREF |
||